Инженерная психология. Экономические проблемы

Xehetasun bibliografikoak
Egile nagusia: Смирнов Б. А. Борис Анатольевич
Beste egile batzuk: Душков Б. А. Борис Андреевич, Космолинский Ф. П. Федор Петрович
Gaia:Рассматриваются основные направления работы по учету человеческого фактора, за счет которой возможно получение экономического эффекта: повышение надежности и эффективности систем "человек-машина", рациональная организация трудового процесса и профессиональной подготовки операторов, стандартизация инженерно-психологических норм и требований и др. Рассматриваются источники экономического эффекта, предлагаются показатели для его оценки, приводятся методы расчета этих показателей. Книга рассчитана на экономистов, инженерно-технических работников, специалистов в области научной организации и психофизиологии труда.
Hizkuntza:errusiera
Argitaratua: Москва, Экономика, 1983
Gaiak:
Formatua: Liburua
KOHA link:https://koha.lib.tpu.ru/cgi-bin/koha/opac-detail.pl?biblionumber=21118

MARC

LEADER 00000nam0a2200000 4500
001 21118
005 20231101205414.0
035 |a (RuTPU)RU\TPU\book\21316 
035 |a BOOK00000004 
090 |a 21118 
100 |a 20011209d1983 km y0rusy50 ca 
101 0 |a rus 
102 |a RU 
105 |a a z 001zy 
200 1 |a Инженерная психология. Экономические проблемы  |f Б. А. Смирнов, Б. А. Душков, Ф. П. Космолинский 
210 |a Москва  |c Экономика  |d 1983 
215 |a 223 с.  |c ил. 
320 |a Библиогр.: с. 218-221. 
330 |a Рассматриваются основные направления работы по учету человеческого фактора, за счет которой возможно получение экономического эффекта: повышение надежности и эффективности систем "человек-машина", рациональная организация трудового процесса и профессиональной подготовки операторов, стандартизация инженерно-психологических норм и требований и др. Рассматриваются источники экономического эффекта, предлагаются показатели для его оценки, приводятся методы расчета этих показателей. Книга рассчитана на экономистов, инженерно-технических работников, специалистов в области научной организации и психофизиологии труда. 
606 1 |a Инженерная психология  |2 stltpush  |3 (RuTPU)RU\TPU\subj\12577  |9 39340 
610 1 |a психология 
610 1 |a труд 
610 1 |a производство 
610 1 |a человеческий фактор 
610 1 |a операторы 
610 1 |a "человек машина" 
610 1 |a экономика 
686 |a Ю941.1  |v LBC/SL-A  |2 rubbk 
700 1 |a Смирнов  |b Б. А.  |g Борис Анатольевич 
701 1 |a Душков  |b Б. А.  |g Борис Андреевич 
701 1 |a Космолинский  |b Ф. П.  |g Федор Петрович 
801 0 |a RU  |b 63413507  |c 20011209  |g PSBO 
801 2 |a RU  |b 63413507  |c 20160303  |g PSBO 
942 |c BK